00460nam a2200133Ia 4500008004100000020001400041245005900055260005100114516002000165650001400185650002700199830004200226856005800268140925s9999 xx 000 0 und d a2008-7209 aAsian journal sports medicine /h[electronic resource] bTehran University of Medical Sciences,cc2013. aElectronic text aMedicine. aSports and Recreation. aTehran University of Medical Sciences uhttp://asjsm.tums.ac.ir/index.php/asjsm/issue/view/29